[Event "FSV-ch 2013"]
[Site "Dortmund"]
[Date "2013.03.21"]
[Round "1.1"]
[White "Zelt, Jens"]
[Black "Rzoczek, Christoph"]
[Result "1-0"]
[WhiteElo "2032"]
[BlackElo "1544"]
[PlyCount "87"]
[EventDate "2013.??.??"]

1. d4 Nf6 2. Nf3 g6 3. c3 d6 4. h3 Bg7 5. Bf4 O-O 6. e3 Nbd7 7. Nbd2 c5 8. Be2
b6 9. O-O Bb7 10. Re1 d5 11. a4 Nh5 12. Bh2 f5 13. Ng5 e5 14. Ne6 Qf6 15. Nxf8
Rxf8 16. dxe5 Nxe5 17. Nf3 Nxf3+ 18. Bxf3 Qg5 19. Bxd5+ Bxd5 20. Qxd5+ Kh8 21.
Be5 Qe7 22. Bxg7+ Kxg7 23. Rad1 Nf6 24. Qd6 Re8 25. Qxe7+ Rxe7 26. Rd8 f4 27.
Kf1 f3 28. gxf3 Re5 29. f4 Rh5 30. Kg2 c4 31. Rd4 Rc5 32. Red1 b5 33. axb5 Rxb5
34. R1d2 Rc5 35. Kf3 Rh5 36. Rxc4 Rxh3+ 37. Kg2 Rh5 38. Rc7+ Kh6 39. Rxa7 Rf5
40. Rd6 Ne4 41. Re6 Nf6 42. Rf7 Nh5 43. Rxf5 Ng7 44. Rff6 1-0

[Event "FSV-ch 2013"]
[Site "Dortmund"]
[Date "2013.03.21"]
[Round "1.2"]
[White "Nettbohl, Werner"]
[Black "Begna, Bozidar"]
[Result "0-1"]
[WhiteElo "1526"]
[BlackElo "1951"]
[PlyCount "56"]
[EventDate "2013.??.??"]

1. e4 Nf6 2. e5 Nd5 3. Nf3 d6 4. exd6 Qxd6 5. d4 Bg4 6. Be2 Nc6 7. c3 Nf4 8.
Bxf4 Qxf4 9. O-O O-O-O 10. Qc2 e6 11. Nbd2 h5 12. h3 Bf5 13. Qb3 h4 14. Bb5 Nb8
15. Rfe1 Bd6 16. Rad1 g5 17. Nc4 Bxh3 18. Nxd6+ Rxd6 19. Ne5 Bg4 20. f3 Bh5 21.
Re4 Qg3 22. Re3 h3 23. Qc2 g4 24. Nc4 Rd5 25. fxg4 Qxg4 26. Ba4 Rg5 27. Rd2 Bg6
28. Qc1 hxg2 0-1

[Event "FSV-ch 2013"]
[Site "Dortmund"]
[Date "2013.03.21"]
[Round "1.3"]
[White "Jost, Udo"]
[Black "Vogt, Christian"]
[Result "1-0"]
[WhiteElo "1921"]
[BlackElo "1495"]
[PlyCount "77"]
[EventDate "2013.??.??"]

1. e4 c6 2. d4 d5 3. Nc3 dxe4 4. Nxe4 Nd7 5. Nf3 Ngf6 6. Ng3 e6 7. Bd3 Be7 8.
Bd2 Qb6 9. Qb1 c5 10. c3 Nb8 11. O-O Nc6 12. Be3 O-O 13. Ne5 g6 14. Nc4 Qc7 15.
dxc5 Ng4 16. b4 Nxe3 17. Nxe3 Bf6 18. Ne4 Bg7 19. Qe1 Ne5 20. Be2 b6 21. f4 Nd7
22. cxb6 Qxb6 23. Bf3 Bb7 24. Kh1 Rac8 25. Rc1 Rc7 26. c4 Bxe4 27. Bxe4 Nf6 28.
Bb1 Rd7 29. c5 Qc6 30. Nc4 Rd4 31. Ne5 Qd5 32. c6 Rc8 33. Rc5 Qd8 34. a3 Bf8
35. Ra5 Qb6 36. Qh4 Kg7 37. Qe1 Rxb4 38. Nd7 Qxa5 39. Nxf8 {und Schwarz
ueberschritt in gewonnener Stellung die Zeit. Am besten haette er mit 39...
Txf4! fortsetzen koennen!} 1-0

[Event "FSV-ch 2013"]
[Site "Dortmund"]
[Date "2013.03.21"]
[Round "1.4"]
[White "Gerke, Dieter"]
[Black "Khess, Igor"]
[Result "0-1"]
[WhiteElo "1475"]
[BlackElo "1856"]
[PlyCount "84"]
[EventDate "2013.??.??"]

1. Nf3 Nc6 2. d4 d5 3. g3 g6 4. Bg2 Bg7 5. O-O Nf6 6. Re1 O-O 7. a3 Re8 8. Nc3
Ne4 9. e3 Nxc3 10. bxc3 e5 11. e4 dxe4 12. Rxe4 Bf5 13. Re1 exd4 14. Rxe8+ Qxe8
15. cxd4 Nxd4 16. Nxd4 Rd8 17. Be3 c5 18. c3 cxd4 19. cxd4 Be4 20. Qg4 Bxg2 21.
Kxg2 Qc6+ 22. Kg1 Qc3 23. Rc1 Qxa3 24. Rc7 b5 25. Qg5 Qd6 26. Rxa7 Bxd4 27.
Bxd4 Qxd4 28. Qe7 Qd1+ 29. Kg2 Qd5+ 30. Kg1 Ra8 31. h4 Rxa7 32. Qxa7 h5 33. Kf1
Qd1+ 34. Kg2 Qb3 35. Qa8+ Kh7 36. Qa7 b4 37. Kf1 Qd1+ 38. Kg2 Qd5+ 39. Kf1 b3
40. Ke1 b2 41. Qb6 b1=Q+ 42. Qxb1 Qh1+ 0-1

[Event "FSV-ch 2013"]
[Site "Dortmund"]
[Date "2013.03.21"]
[Round "1.5"]
[White "Schwarz, Ingo"]
[Black "Gennat, Egon L"]
[Result "1-0"]
[WhiteElo "1850"]
[BlackElo "1466"]
[PlyCount "41"]
[EventDate "2013.??.??"]

1. e4 d5 2. e5 Bf5 3. f4 e6 4. Nf3 a6 5. c3 c5 6. d3 Be7 7. Be2 Bh4+ 8. Nxh4
Qxh4+ 9. g3 Qd8 10. h4 h6 11. g4 Bh7 12. Be3 Qc7 13. Nd2 Nc6 14. Rc1 b6 15. b4
Qe7 16. bxc5 bxc5 17. Qa4 Kd7 18. Nb3 d4 19. cxd4 c4 20. Rxc4 Rc8 21. Na5 1-0

[Event "FSV-ch 2013"]
[Site "Dortmund"]
[Date "2013.03.21"]
[Round "1.6"]
[White "Benke, Werner"]
[Black "Schütz, Ralf"]
[Result "1/2-1/2"]
[WhiteElo "1465"]
[BlackElo "1847"]
[PlyCount "91"]
[EventDate "2013.??.??"]

1. e4 e6 2. d4 d5 3. exd5 exd5 4. Nf3 Nc6 5. Bf4 Bg4 6. Be2 Bd6 7. Bxd6 Qxd6 8.
Nbd2 O-O-O 9. a4 Nf6 10. c3 Rde8 11. O-O Re7 12. b4 Rhe8 13. Bb5 Ne4 14. Qc2
Nxd2 15. Nxd2 g6 16. h3 Bf5 17. Bd3 Bxd3 18. Qxd3 Re2 19. Nf3 f6 20. Rfe1 Rxe1+
21. Rxe1 Rxe1+ 22. Nxe1 Qe6 23. Qe3 Qxe3 24. fxe3 a5 25. Nd3 b6 26. Nf4 axb4
27. cxb4 Nxb4 28. Ne6 Na2 29. Nf8 Kd8 30. Nxh7 Ke7 31. g4 Nc3 32. g5 fxg5 33.
Nxg5 Nd1 34. e4 Nc3 35. exd5 Ne2+ 36. Kf2 Nxd4 37. Ke3 Nb3 38. Ne4 Na5 39. Kd3
Nb7 40. Kd4 Nd8 41. d6+ cxd6 42. Kd5 Kd7 43. Nxd6 Ne6 44. Nc4 Nf4+ 45. Ke4 Nxh3
46. Nxb6+ 1/2-1/2

[Event "FSV-ch 2013"]
[Site "Dortmund"]
[Date "2013.03.21"]
[Round "1.7"]
[White "Grube, Jörg"]
[Black "Tautz, Eugen"]
[Result "1-0"]
[WhiteElo "1836"]
[BlackElo "1429"]
[PlyCount "123"]
[EventDate "2013.??.??"]

1. e4 e5 2. Nf3 Nc6 3. Bc4 Nf6 4. d3 h6 5. c3 d6 6. Bb3 Bg4 7. Nbd2 Be7 8. h3
Bd7 9. O-O Na5 10. Bc2 c5 11. Re1 O-O 12. Nf1 Nc6 13. Ng3 Be6 14. Bb3 Bxb3 15.
axb3 a6 16. Nf5 Nh7 17. h4 Bf6 18. Bd2 Ne7 19. Ne3 Ng6 20. g3 Ne7 21. Ng4 Nc6
22. Qe2 Qe7 23. Kg2 Qe6 24. Ne3 Ne7 25. Ra3 Rfc8 26. Nh2 Nf8 27. Qh5 Nfg6 28.
Neg4 Kf8 29. Nf3 Ng8 30. Be3 N6e7 31. Nd2 Ke8 32. Nxf6+ Nxf6 33. Qf3 b5 34.
Rea1 Rc6 35. Ra5 Qc8 36. Bxh6 gxh6 37. Qxf6 Ng8 38. Qg7 Ke7 39. f4 exf4 40. Rf1
Qe6 41. Rxf4 Rf8 42. Ra1 Qg6 43. Qxg6 fxg6 44. Rg4 Rf6 45. Nf1 Kf7 46. Ne3 Ne7
47. Re1 Rc8 48. Ra1 Rc6 49. Rf4 Rxf4 50. gxf4 h5 51. Rf1 Ke6 52. f5+ gxf5 53.
Nxf5 Rc8 54. Nxe7 Kxe7 55. Rf5 Rh8 56. Kf3 Rh6 57. Kf4 Rf6 58. Kg5 Rxf5+ 59.
Kxf5 Kf7 60. e5 dxe5 61. Kxe5 Kg6 62. d4 1-0

[Event "FSV-ch 2013"]
[Site "Dortmund"]
[Date "2013.03.21"]
[Round "1.8"]
[White "Yangibayev, Rustam"]
[Black "Bommert, Christian"]
[Result "0-1"]
[WhiteElo "1425"]
[BlackElo "1793"]
[PlyCount "58"]
[EventDate "2013.??.??"]

1. d4 f5 2. Bf4 Nf6 3. Nf3 g6 4. e3 Bg7 5. Bd3 d6 6. Nbd2 O-O 7. c3 Qe8 8. h3
Nbd7 9. Qb3+ Kh8 10. Ng5 e5 11. dxe5 dxe5 12. Bh2 Nc5 13. Qc2 h6 14. h4 Ng4 15.
Nh3 Nxh2 16. Rxh2 Nxd3+ 17. Qxd3 Be6 18. e4 Rd8 19. Qc2 Qf7 20. f3 a6 21. a3
Rd6 22. Nf2 h5 23. O-O-O Bh6 24. Kb1 Rfd8 25. exf5 gxf5 26. g4 Rxd2 27. Rxd2
Rxd2 28. Qa4 Bb3 29. g5 Bxa4 0-1

[Event "FSV-ch 2013"]
[Site "Dortmund"]
[Date "2013.03.21"]
[Round "1.9"]
[White "Sonntag, Joachim"]
[Black "Jentzsch, Werner Wilfried"]
[Result "1-0"]
[WhiteElo "1788"]
[BlackElo "1387"]
[PlyCount "71"]
[EventDate "2013.??.??"]

1. e4 c5 2. Nf3 Nc6 3. d4 cxd4 4. Nxd4 e6 5. Bc4 Bc5 6. Nb3 Bb4+ 7. c3 Be7 8.
Bf4 Nf6 9. e5 Ne4 10. Qe2 Nc5 11. Qg4 Nxb3 12. Bxb3 Rg8 13. Nd2 d5 14. exd6
Bxd6 15. Bxd6 Qxd6 16. Nc4 Qe7 17. Rd1 f6 18. O-O Ne5 19. Ba4+ Nc6 20. Nd6+ Kf8
21. f4 a6 22. Rfe1 b5 23. Bb3 Nd8 24. Kh1 Rb8 25. h3 Bd7 26. Qh5 h6 27. Nf5 Qe8
28. Qg4 h5 29. Qg3 g6 30. Nd4 Rg7 31. Qh4 g5 32. fxg5 Rxg5 33. Qf4 Qe7 34. Qxb8
Kf7 35. Qc7 h4 36. Nf3 1-0

[Event "FSV-ch 2013"]
[Site "Dortmund"]
[Date "2013.03.21"]
[Round "1.10"]
[White "Winkler, Harald"]
[Black "Schulz-Runge, Michael"]
[Result "0-1"]
[WhiteElo "1323"]
[BlackElo "1718"]
[PlyCount "126"]
[EventDate "2013.??.??"]

1. Nf3 d5 2. d3 Nf6 3. g3 Nc6 4. Bg2 e5 5. Bg5 Be7 6. O-O h6 7. Bxf6 Bxf6 8. c3
Be6 9. Nbd2 Qd7 10. a3 g5 11. e4 d4 12. cxd4 exd4 13. Rc1 h5 14. Nb3 Bxb3 15.
Qxb3 O-O-O 16. Rc5 Qe7 17. Rfc1 g4 18. Ne1 Bg5 19. R1c2 Rd7 20. Rd5 Rhd8 21.
Rcc5 Rxd5 22. Rxd5 Ne5 23. Rxd8+ Qxd8 24. Qc2 h4 25. f4 gxf3 26. Nxf3 Be3+ 27.
Kf1 Qf6 28. Qe2 Kb8 29. Ke1 hxg3 30. hxg3 Ng4 31. Bh3 Nf2 32. Bf5 Qc6 33. Kf1
Qh6 34. Ng1 Qg5 35. g4 Qf4 36. Kg2 Qh6 37. Kf1 Nxd3 38. Qxd3 Qf4+ 39. Ke2 Qf2+
40. Kd1 Qxg1+ 41. Kc2 Qc1+ 42. Kb3 a6 43. Qc4 Qxc4+ 44. Kxc4 c5 45. e5 b6 46.
e6 fxe6 47. Bxe6 Kc7 48. b3 b5+ 49. Kd3 Kd6 50. Bf5 Kd5 51. Be4+ Kd6 52. Bb7 a5
53. Bf3 a4 54. bxa4 c4+ 55. Kc2 bxa4 56. Bd1 Kc5 57. Kb2 Kb5 58. Kc2 Bg5 59.
Kb2 Be7 60. Ka2 d3 61. Kb2 Bf6+ 62. Kc1 c3 63. Bf3 Bg5+ 0-1

[Event "FSV-ch 2013"]
[Site "Dortmund"]
[Date "2013.03.21"]
[Round "1.11"]
[White "Ropers, Klaus"]
[Black "Röll, Uwe"]
[Result "1-0"]
[WhiteElo "1680"]
[BlackElo "1322"]
[PlyCount "106"]
[EventDate "2013.??.??"]

1. d4 f5 2. g3 Nf6 3. Bg2 d5 4. Nf3 Ne4 5. Nbd2 e6 6. O-O Bd6 7. c4 c6 8. Qc2
O-O 9. b3 Nd7 10. Bb2 Ndf6 11. Ne5 Bxe5 12. dxe5 Ng4 13. Rad1 Ngxf2 14. Rxf2
Nxf2 15. Kxf2 f4 16. Nf3 fxg3+ 17. hxg3 Bd7 18. Rh1 g6 19. Kg1 Rc8 20. Bc1 dxc4
21. Qxc4 Rf5 22. Qg4 Be8 23. Be3 Qd1+ 24. Kf2 Qd5 25. Qd4 Rd8 26. Rd1 b6 27. g4
Rf7 28. Qxd5 Rxd5 29. Rxd5 cxd5 30. Kg3 Rc7 31. Nd4 Kf7 32. g5 a5 33. a4 Rc3
34. Kf2 Ke7 35. Bd2 Rc8 36. Ke3 Bd7 37. Kd3 Bxa4 38. bxa4 Rc4 39. Bh3 Rxa4 40.
Bc1 Ra1 41. Bb2 Ra2 42. Kc3 a4 43. Nb5 Kd7 44. Kc2 Kc6 45. Nc3 Rxb2+ 46. Kxb2
b5 47. Bxe6 Kc5 48. Nxb5 Kxb5 49. Bxd5 Kc5 50. e6 Kd6 51. Ka3 Ke7 52. Kxa4 Kf8
53. Kb5 h5 1-0

[Event "FSV-ch 2013"]
[Site "Dortmund"]
[Date "2013.03.21"]
[Round "1.12"]
[White "Koch, Detlev"]
[Black "Link, Werner"]
[Result "1-0"]
[WhiteElo "1312"]
[BlackElo "1403"]
[PlyCount "79"]
[EventDate "2013.??.??"]

1. e4 d5 2. exd5 Qxd5 3. d4 c6 4. Nf3 Bf5 5. c4 Qa5+ 6. Bd2 Qc7 7. Be2 e6 8.
O-O Nf6 9. Ne5 Nbd7 10. f4 Be7 11. g4 Bxb1 12. Rxb1 Ne4 13. Be1 O-O-O 14. Nxf7
Ndf6 15. Nxh8 Rxd4 16. Qc2 Bc5 17. Kh1 Rd8 18. g5 Rxh8 19. gxf6 Nxf6 20. Bg3
Qf7 21. f5 h5 22. fxe6 Qxe6 23. Qf5 Re8 24. Bd3 Kd8 25. Qxe6 Rxe6 26. Bf5 Re2
27. Rbd1+ Ke7 28. Rfe1 Rxe1+ 29. Rxe1+ Kf7 30. a3 a5 31. Rb1 g6 32. Bc8 Ne4 33.
Be1 Nd6 34. Bh3 Nxc4 35. Rc1 b5 36. Bxa5 Be3 37. Re1 Ba7 38. Be6+ Kg7 39. Bxc4
bxc4 40. Re7+ 1-0

[Event "FSV-ch 2013"]
[Site "Dortmund"]
[Date "2013.03.21"]
[Round "1.13"]
[White "Dite, Alexander"]
[Black "Herrmann, Rudolf"]
[Result "1/2-1/2"]
[WhiteElo "1646"]
[BlackElo "1310"]
[PlyCount "144"]
[EventDate "2013.??.??"]

1. d4 d5 2. c4 c6 3. Nc3 Bf5 4. e3 Nf6 5. Nf3 e6 6. Be2 c5 7. cxd5 exd5 8. Qb3
b6 9. dxc5 Bxc5 10. O-O O-O 11. Rd1 Be6 12. Qc2 Qe7 13. a3 Nc6 14. b4 Bd6 15.
Bb2 h6 16. Rac1 Ne5 17. Nb5 Rac8 18. Qd2 a6 19. Nxd6 Rxc1 20. Rxc1 Nxf3+ 21.
gxf3 Qxd6 22. Bxf6 gxf6 23. Bxa6 Bh3 24. Bf1 Qe6 25. Qd4 $4 (25. Bxh3 $1 Qxh3
26. Qxd5 Kh8 27. Kh1 $18) 25... Kh7 26. Qh4 Rg8+ 27. Kh1 Bf5 28. Rc3 Rg5 29.
Bd3 Bxd3 30. Rxd3 Qf5 31. e4 Qg6 32. Rd1 dxe4 33. Qxe4 f5 34. Qe3 h5 35. f4
Qc6+ 36. f3 Rg6 37. Rg1 b5 38. Rg5 Rxg5 39. fxg5 Qc4 40. Kg2 Kg6 41. f4 h4 42.
Qf2 Qe4+ 43. Kh3 Qd3+ 44. Kxh4 Qd6 45. Qf3 Kg7 46. Qe3 Kg8 47. Kg3 Qd1 48. Qe8+
Kg7 49. Qe5+ Kg8 50. Qxf5 Qg1+ 51. Kf3 Qf1+ 52. Ke3 Qc1+ 53. Kd4 Qc4+ 54. Ke5
Qc7+ 55. Kd5 Qc4+ 56. Kd6 Qd4+ 57. Kc6 Qc4+ 58. Kb6 Qb3 59. g6 Qe3+ 60. Kxb5
Qe8+ 61. Kc4 fxg6 62. Qd5+ Kh7 63. a4 $2 ({Schematisch gewinnt Weiss, wenn er
seine Dame zentral UND gedeckt positioniert, also} 63. Qe5 $1 {Danach koennte
der weisse Koenig nach Herzenslust wandern. - Grundsaetzlich gilt: Nicht
zentralisiert ist eine Dame weniger wirkungsvoll, undeckt macht sie dagegen
anfaellig fuer gegnerische Dauerschachs!}) 63... Qxa4 64. Qf7+ Kh8 65. Qxg6 $4
Qa2+ (65... Qxb4+ $1) 66. Kc5 Qxh2 $4 (66... Qc4+ $1) 67. f5 $4 Qe5+ 68. Kb6
Qd4+ 69. Ka5 Qd5+ (69... Qxb4+ $1) 70. b5 Qa8+ $4 71. Qa6 Qd8+ 72. Qb6 Qd2+
1/2-1/2

[Event "FSV-ch 2013"]
[Site "Dortmund"]
[Date "2013.03.21"]
[Round "1.14"]
[White "Wickenfeld, Udo"]
[Black "Khess, Roman"]
[Result "0-1"]
[WhiteElo "1305"]
[BlackElo "1646"]
[PlyCount "96"]
[EventDate "2013.??.??"]

1. d4 Nf6 2. c4 g6 3. Nc3 Bg7 4. e4 d6 5. Nf3 O-O 6. Be2 Nbd7 7. O-O c5 8. d5
a6 9. Ne1 Rb8 10. f3 Ne5 11. Nd3 Nxd3 12. Qxd3 Bd7 13. Bd2 b5 14. b3 Nh5 15.
Rab1 b4 16. Nd1 f5 17. Nf2 f4 18. Kh1 Bd4 19. Ng4 e5 20. Be1 Qg5 21. Bf2 Bxg4
22. fxg4 Bxf2 23. Rxf2 Nf6 24. h3 Qh4 25. Rbf1 h6 26. Kg1 Nh7 27. Ra1 Rb6 28.
a3 bxa3 29. Rxa3 Rfb8 30. Bd1 Ng5 31. Raa2 Rf8 32. Rf1 Nh7 33. Raf2 Nf6 34. Rf3
h5 35. gxh5 Nxh5 36. Qc3 Ng3 37. Re1 {(=)} 37... Qf6 38. Qa5 Rfb8 39. Qd2 g5
40. Qf2 Qg6 41. Qc2 g4 42. hxg4 Qxg4 43. Rd3 Qg6 44. Bf3 Kg7 45. Kf2 Qg5 46.
Qd1 Qh4 47. Bg4 Nxe4+ 48. Kf3 Nf2 0-1

[Event "FSV-ch 2013"]
[Site "Dortmund"]
[Date "2013.03.21"]
[Round "1.15"]
[White "Büdel, Jürgen"]
[Black "Wangrin, Stefan A"]
[Result "1-0"]
[WhiteElo "1637"]
[BlackElo "1222"]
[PlyCount "109"]
[EventDate "2013.??.??"]

1. d4 d5 2. c4 Nf6 3. Nc3 e6 4. Nf3 Bb4 5. a3 Bxc3+ 6. bxc3 Ne4 7. Qc2 c5 8. e3
O-O 9. Bd3 f5 10. a4 dxc4 11. Bxc4 Qa5 12. Bb2 Nc6 13. O-O Qd8 14. Rad1 cxd4
15. exd4 Qf6 16. Rd3 Kh8 17. Ba3 Re8 18. Ba2 Bd7 19. Ne5 Rad8 20. f4 Nxe5 21.
fxe5 Qh4 22. Rdf3 Bc6 23. Rf4 Qh6 24. Bc1 g5 25. R4f3 f4 26. Rh3 Qg7 27. Bb1 g4
28. Rh4 Qg5 29. g3 Qe7 30. Rxf4 Ng5 31. Kf1 (31. Rf8+ $3 Rxf8 32. Bxg5 $18)
31... Rf8 32. Rhxg4 Rxf4+ 33. Rxf4 Rf8 34. Rxf8+ Qxf8+ {(=)} 35. Qf2 Qxf2+ 36.
Kxf2 h6 37. h4 Nf7 38. Ba2 Nd8 39. a5 Kg7 40. g4 b6 41. axb6 axb6 42. Ba3 b5
43. Be7 Bd5 44. Bxd5 b4 45. cxb4 exd5 46. Bxd8 Kf7 47. Ke3 Ke6 48. Kf4 Kd7 49.
Bb6 Kc6 50. Bc5 Kd7 51. Kf5 Kc6 52. e6 Kc7 53. Kf6 Kd8 54. Kf7 h5 55. e7+ 1-0

[Event "FSV-ch 2013"]
[Site "Dortmund"]
[Date "2013.03.21"]
[Round "1.16"]
[White "Schlettig, Hans-Joachim"]
[Black "Seref, Serkan"]
[Result "0-1"]
[WhiteElo "1217"]
[BlackElo "1626"]
[PlyCount "74"]
[EventDate "2013.??.??"]

1. e4 d5 2. exd5 Nf6 3. Nc3 Nxd5 4. Nxd5 Qxd5 5. Nf3 Bg4 6. Be2 e5 7. c4 Qe6 8.
d3 Nc6 9. O-O O-O-O 10. Re1 Qg6 11. Be3 e4 12. Nh4 Bxe2 13. Rxe2 Qf6 14. g3
exd3 15. Rd2 Nb4 16. a3 Nc2 17. Rb1 Nxe3 18. fxe3 Bc5 19. Rxd3 Bxe3+ 20. Kg2
Qc6+ 21. Kh3 Qxc4 22. Rxd8+ Rxd8 23. Qg4+ Qxg4+ 24. Kxg4 Bd4 25. Nf5 Bf6 26. h3
Rd2 27. b3 Rb2 28. Ne7+ Kd8 29. Rxb2 Bxb2 30. Nf5 Kd7 31. a4 Ke6 32. Kf4 a6 33.
g4 b5 34. axb5 axb5 35. Ke4 c5 36. Ne3 g6 37. Nd5 f5+ 0-1

[Event "FSV-ch 2013"]
[Site "Dortmund"]
[Date "2013.03.21"]
[Round "1.17"]
[White "Lemke, Philipp"]
[Black "Dirks, Rainer"]
[Result "1-0"]
[WhiteElo "1621"]
[BlackElo "1213"]
[PlyCount "81"]
[EventDate "2013.??.??"]

1. e4 e5 2. Bc4 Qf6 3. Nc3 c6 4. Nf3 d6 5. h3 a5 6. a4 Be6 7. Bxe6 Qxe6 8. d4
h6 9. O-O Nd7 10. Be3 Be7 11. Rb1 g5 12. Qd3 g4 13. d5 Qg6 14. hxg4 Qxg4 15. b4
Ngf6 16. Nh2 Qg6 17. f4 Rg8 18. Rf2 Ng4 19. Nxg4 Qxg4 20. bxa5 Bh4 21. Re2 exf4
22. dxc6 Ne5 23. cxb7 Rb8 24. Qxd6 Nf3+ 25. Kh1 Bd8 26. Qc6+ Kf8 27. Bc5+ Kg7
28. gxf3 Qh3+ 29. Rh2 Qxf3+ 30. Rg2+ Kh7 31. Rbg1 Rxg2 32. Rxg2 Qh3+ 33. Rh2
Qf3+ 34. Rg2 Qxc3 ({Deutlich zaeher war} 34... Qh3+ 35. Kg1 Qxc3 36. Qc8 Qe1+
37. Kh2 Qh4+ 38. Qh3 Qxh3+ 39. Kxh3 Bxa5 40. Bd4 f6 {
wenngleich Weiss dennoch gewinnen sollte. Nach} 41. Kg4 {
ist sein aktiver Koenig der staerkste Trumpf.}) 35. Qe8 Qe1+ 36. Bg1 Qh4+ 37.
Bh2 Qe1+ 38. Rg1 Bg5 39. Qxf7+ Kh8 40. Rxe1 Rd8 41. Bxf4 {
nebst Matt in wenigen Zuegen} 1-0

[Event "FSV-ch 2013"]
[Site "Dortmund"]
[Date "2013.03.21"]
[Round "1.18"]
[White "Pauli, Helmut"]
[Black "Dieckmann, Rudolf"]
[Result "0-1"]
[WhiteElo "1129"]
[BlackElo "1619"]
[PlyCount "32"]
[EventDate "2013.??.??"]

1. Nf3 c5 2. g3 d5 3. e3 Nc6 4. Bg2 e5 5. d3 Nf6 6. O-O Bg4 7. Qd2 e4 8. h3
exf3 9. hxg4 fxg2 10. Kxg2 Nxg4 11. Qe2 Qd7 12. f4 f5 13. e4 Nd4 14. Qd1 dxe4
15. dxe4 Qc6 16. Kh3 Qh6+ 0-1

[Event "FSV-ch 2013"]
[Site "Dortmund"]
[Date "2013.03.21"]
[Round "1.19"]
[White "Mokros, Jürgen"]
[Black "Böckmann, Lieselotte"]
[Result "1-0"]
[WhiteElo "1614"]
[BlackElo "968"]
[PlyCount "87"]
[EventDate "2013.??.??"]

1. Nf3 d5 2. d4 e6 3. e3 Nf6 4. Bd3 Be7 5. Nbd2 O-O 6. b3 c5 7. Bb2 Nc6 8. a3
a6 9. c4 Ne8 10. O-O b6 11. Qc2 f5 12. Rad1 Bf6 13. Ne5 Bb7 14. Ndf3 Nc7 15.
Nxc6 Bxc6 16. Ne5 Bb7 17. f4 Bxe5 18. dxe5 Qe8 19. Qe2 g6 20. Bc3 a5 21. a4 Kf7
22. Be1 Qd8 23. g4 Qd7 24. Bh4 Qc6 25. Qg2 d4 26. Qxc6 Bxc6 27. exd4 cxd4 28.
Be2 Rg8 29. Rxd4 Na6 30. Rd6 Rac8 31. Bf2 Nb4 32. Bxb6 Nc2 33. Rfd1 Kg7 34.
Rxe6 Kh8 35. Rdd6 Nb4 36. Bxa5 Rge8 37. Bxb4 Rxe6 38. Rxe6 Be4 39. Bd6 Bc2 40.
b4 Bxa4 41. b5 Bb3 42. b6 fxg4 43. b7 Rg8 44. Re7 1-0

[Event "FSV-ch 2013"]
[Site "Dortmund"]
[Date "2013.03.21"]
[Round "1.20"]
[White "Schmidt, Andreas N"]
[Black "Reinacher, Detlev"]
[Result "0-1"]
[WhiteElo "911"]
[BlackElo "1596"]
[PlyCount "58"]
[EventDate "2013.??.??"]

1. e4 d6 2. d4 g6 3. Nf3 Bg7 4. Bc4 Nf6 5. Nc3 c6 6. a4 Nbd7 7. O-O Qc7 8. b4
a6 9. Bf4 e5 10. dxe5 dxe5 11. Bg3 O-O 12. Re1 b6 13. b5 cxb5 14. Bd5 Rb8 15.
Re3 b4 16. Na2 a5 17. Nd4 Nxd5 18. exd5 Bb7 19. Nb5 Qc5 20. d6 Bc6 21. c4 e4
22. Rc1 Bh6 23. Re1 Bxc1 24. Qxc1 Bxb5 25. axb5 f5 26. Qb2 f4 27. Bh4 Qxd6 28.
Nc1 Nc5 29. h3 h6 0-1

[Event "FSV-ch 2013"]
[Site "Dortmund"]
[Date "2013.03.21"]
[Round "1.21"]
[White "Nagel, Frank"]
[Black "Reker, Gerhard"]
[Result "1-0"]
[WhiteElo "1585"]
[BlackElo "875"]
[PlyCount "37"]
[EventDate "2013.??.??"]

1. d4 d5 2. c4 dxc4 3. Nc3 Nc6 4. e3 Nf6 5. Bxc4 e6 6. Nf3 Bb4 7. Qc2 O-O 8.
O-O Qd6 9. Rd1 Bxc3 10. bxc3 Rd8 11. a4 Na5 12. Ba3 Qc6 13. Bd3 g6 14. Be7 Rd5
15. Bxf6 e5 16. Bxe5 Bg4 17. Be4 Bxf3 18. Bxf3 Rad8 19. Rac1 1-0

[Event "FSV-ch 2013"]
[Site "Dortmund"]
[Date "2013.03.21"]
[Round "1.22"]
[White "Sobottka, Hans-Gerald"]
[Black "Schlepütz, Volker"]
[Result "0-1"]
[WhiteElo "814"]
[BlackElo "1548"]
[PlyCount "52"]
[EventDate "2013.??.??"]

1. e4 c5 2. Nc3 d6 3. Bb5+ Bd7 4. Bxd7+ Qxd7 5. d4 cxd4 6. Qxd4 Nc6 7. Qe3 Nf6
8. Nd5 Nxd5 9. exd5 Nb4 10. Qb3 a5 11. Bd2 Qg4 12. g3 Qe4+ 13. Kf1 Qxh1 14.
Qa4+ Nc6 15. f3 Kd7 16. dxc6+ bxc6 17. Qg4+ e6 18. h3 h5 19. Qd4 Be7 20. Bxa5
Rxa5 21. Qb6 Bd8 22. Qb7+ Bc7 23. Qb4 Rb8 24. Qf4 Rf5 25. Qh4 Rxf3+ 26. Ke2
Qg2+ 0-1

[Event "FSV-ch 2013"]
[Site "Dortmund"]
[Date "2013.04.04"]
[Round "2.1"]
[White "Raskin, Vitali"]
[Black "Zelt, Jens"]
[Result "0-1"]
[WhiteElo "1653"]
[BlackElo "2032"]
[PlyCount "148"]
[EventDate "2013.??.??"]

1. d4 d6 2. e4 c6 3. c4 Nd7 4. Nf3 e5 5. Nc3 Ngf6 6. d5 c5 7. Be2 g6 8. O-O Bg7
9. Bd2 O-O 10. Qc1 Re8 11. Bh6 Bh8 12. Bg5 a6 13. a3 b6 14. Rb1 Qc7 15. b4 Rb8
16. b5 a5 17. Nd2 Bg7 18. f4 exf4 19. Bxf4 Ne5 20. Bxe5 Rxe5 21. Nf3 Re7 22.
Bd3 Bg4 23. h3 Bxf3 24. Rxf3 Nd7 25. h4 Bd4+ 26. Kh1 Ne5 27. Rg3 Nxd3 28. Rxd3
Bxc3 29. Qxc3 Rxe4 30. h5 Qe7 31. h6 Qe5 32. Qxe5 Rxe5 33. Kg1 Re4 34. Rc3 Rbe8
35. Rf1 f5 36. Rff3 Kf7 37. Kf2 Kf6 38. Rh3 Re2+ 39. Kf3 R8e4 40. Rh1 Rd2 41.
Rhc1 Rdd4 42. g3 Kg5 43. Re3 Kxh6 44. Rxe4 Rxe4 45. Rh1+ Kg7 46. Rc1 h5 47. Rc2
Kf6 48. Rc3 Ke5 49. Rc2 Kd4 50. Rc1 Kd3 51. a4 Kd2 52. Ra1 Rxc4 53. Ra2+ Kd3
54. Ra3+ Kd4 55. Kf4 Kxd5+ 56. Kg5 Rg4+ 57. Kf6 c4 58. Re3 Re4 59. Rc3 Kd4 60.
Rc1 Re3 61. Kxg6 Rxg3+ 62. Kxf5 Re3 63. Rd1+ Kc5 64. Kf4 Re6 65. Rh1 Re5 66.
Rb1 c3 67. Rc1 Kc4 68. Rd1 Rd5 69. Rc1 Kb3 70. Ke4 Rd2 71. Ke3 Rg2 72. Kd3 Rg3+
73. Ke2 Kb2 74. Rd1 c2 0-1

[Event "FSV-ch 2013"]
[Site "Dortmund"]
[Date "2013.04.04"]
[Round "2.2"]
[White "Begna, Bozidar"]
[Black "Boeck, Matthias"]
[Result "1/2-1/2"]
[WhiteElo "1951"]
[BlackElo "1649"]
[PlyCount "68"]
[EventDate "2013.??.??"]

1. e4 g6 2. d4 Bg7 3. Bc4 d6 4. Nc3 a6 5. Qf3 e6 6. Nge2 b5 7. e5 Ra7 8. Bb3
dxe5 9. dxe5 Bb7 10. Qg3 Nd7 11. Be3 c5 12. f4 Nh6 13. O-O Nf5 14. Qf2 Nxe3 15.
Qxe3 Qc7 (15... Qa8 $1 $17) 16. a3 Bf8 17. Ne4 Bxe4 18. Qxe4 c4 19. Ba2 Qb7 20.
Ng3 Nc5 21. Qe2 Qb6 22. Kh1 Be7 23. b3 cxb3 24. cxb3 O-O 25. b4 Na4 26. Ne4 Rc7
27. Rac1 Rfc8 28. Qd2 Rc6 29. Bb3 Qc7 30. Rxc6 Qxc6 31. Bxa4 bxa4 32. Re1 a5
33. bxa5 Bxa3 34. Nf6+ Kg7 {(=)} 1/2-1/2

[Event "FSV-ch 2013"]
[Site "Dortmund"]
[Date "2013.04.04"]
[Round "2.3"]
[White "Khess, Roman"]
[Black "Jost, Udo"]
[Result "1-0"]
[WhiteElo "1646"]
[BlackElo "1921"]
[PlyCount "113"]
[EventDate "2013.??.??"]

1. c4 e5 2. g3 d5 3. Bg2 d4 4. d3 a5 5. Nf3 Bb4+ 6. Bd2 Qe7 7. O-O Bd7 8. a3
Bc5 9. Ng5 h6 10. Ne4 Ba7 11. f4 f5 12. Nf2 Bc6 13. b4 Bxg2 14. Kxg2 e4 15.
dxe4 fxe4 16. Ng4 e3 17. Be1 Qe4+ 18. Kg1 Nd7 19. c5 h5 20. Ne5 Nxe5 21. fxe5
Qxe5 22. Qd3 Ne7 23. Rf4 O-O-O 24. Re4 Qf6 25. Rf4 Qg5 26. Rxd4 h4 27. Nc3 hxg3
28. Bxg3 Nf5 29. Rd5 g6 30. Rd1 Rde8 31. Ne4 Qg4 32. Nf6 Qg5 33. Nxe8 Rxe8 34.
Rf1 Rg8 35. Rdxf5 gxf5 36. Qxf5+ Qxf5 37. Rxf5 axb4 38. axb4 Rg4 {(=)} 39. Rf4
Rg8 40. Rf7 Bb8 41. Kg2 c6 42. Kf3 Re8 43. Rh7 Bxg3 44. hxg3 Kb8 45. Rg7 Ka7
46. Rg4 Ka6 47. Re4 Rg8 48. Rxe3 Rf8+ 49. Kg2 Kb5 50. Re4 Ka4 51. g4 Rf7 52.
Kg3 Kb3 53. g5 Kc3 54. Kg4 Kd2 55. g6 Rf2 56. Kg5 Ke1 57. g7 1-0